000 01290nam0a22002891 4500
001 rc\4675922
005 20250612003108.0
021 _aRU
_bП1300-67
035 _a(NLR Aleph) 008422708
090 _a9367135
_c9367135
100 _a20130416d1967 |||y0rusy50 ca
101 0 _arus
102 _aRU
105 _aa z |||||
200 1 _aПередовой опыт работы мощных доменных печей
_fВ.Л. Покрышкин, Я.М. Ободан, П.Я. Мухин [и др.]
210 _aМосква
_cБ. и.
_d1967
215 _a20 с.
_cил.
_d26
225 1 _aМинистерство черной металлургии СССР. Центральный научно-исследовательский институт информации и технико-экономических исследований черной металлургии. Информация
_hСерия 4
_iАгломерация руд и доменное производство
_v№ 9
300 _aОтпеч. множит. аппаратом
701 1 _aОбодав
_bЯ.М.
701 1 _aПокрышкин
_bВ.Л.
701 1 _aМухин
_bП.Я.
801 0 _aRU
_bNLR
_gpsbo
801 1 _aRU
_bELAR
_2rusmarc
852 _aNLR
_jП11/2105
942 _cBOOK
980 _aNB